Kmotr /

Hlavní autor: Puzo, Mario, 1920-1999
Další autoři: Korbař, Tomáš, 1920-1976
Jazyk: Čeština
Vydáno: Praha : Svoboda, 1990
Vydání: Vyd. 2.
Témata:
Externí odkaz: Digitalizovaný dokument
Fyzický popis: 332 s. ; 20 cm
Knihy
Uloženo v:
LEADER 01089nam a22003252a 4500
001 000707076
003 CZ BrMZK
005 20130806110253.0
007 ta
008 010907s1990 xr e 000 m cze d
015 |a cnb000059065 
020 |a 80-205-0159-2  |q (brož.) :  |c 44 Kčs 
040 |a ABA001  |b cze  |d ABA001  |d BOA001 
041 1 |a cze  |h eng 
080 |a 323.2  |2 MRF 
080 |a 820(73)-311.3=850  |2 MRF 
080 |a 061.2  |2 MRF 
100 1 |a Puzo, Mario,  |d 1920-1999  |7 jn19990006752  |4 aut 
245 1 0 |a Kmotr /  |c Mario Puzo ; [přeložil Tomáš Korbař] 
250 |a Vyd. 2. 
260 |a Praha :  |b Svoboda,  |c 1990 
300 |a 332 s. ;  |c 20 cm 
500 |a 270000 výt 
655 7 |a romány  |7 fd133289  |2 czenas 
700 1 |a Korbař, Tomáš,  |d 1920-1976  |7 jk01061775  |4 trl 
765 0 |t Godfather  |9 Česky 
856 4 1 |u http://www.digitalniknihovna.cz/mzk/uuid/uuid:11660910-2f47-11e3-a5bb-005056827e52  |y Digitalizovaný dokument  |x NDK 
910 |a BOA001  |b 2-0960.549 
990 |a BK 
996 6 |b 2619560449  |c 2-0960.549  |l MZK  |r Sklad / do 1 hodiny  |n 6  |w 000707076  |u 000010  |a 1  |e BOA001  |j MZK50  |s P